LEADER 01390nam a2200313 i 4500 001 991002514789707536 005 20020503170216.0 008 990113s1998 it ||| | ita 020 $a8817145343 035 $ab10375533-39ule_inst 035 $aEXGIL105127$9ExL 040 $aDip.to Filol. Ling. e Lett.$bita 082 04$a809.93351 100 1 $aAlvar, Carlos$0165636 245 10$aDizionario del ciclo di re Artł :$b900 voci, bibliografie, elenco dei testi medievali di argomento arturiano, personaggi, situazioni, oggetti, luoghi /$cCarlos Alvar ; ed. italiana a cura di Giuseppe Di Stefano 260 $aMilano :$bBiblioteca universale Rizzoli,$c1998 300 $aix, 399 p. ;$c18 cm. 500 $aEd. orig.: Madrid, Alianza, 1991. 600 04$aArtł$c$xEnciclopedie e dizionari 700 1 $aDi Stefano, Giuseppe 740 3 $aEl re Arturo y su mondo [Trad.] 907 $a.b10375533$b02-04-14$c27-06-02 912 $a991002514789707536 945 $aLE008 FL.M. (f.r.) XIV 411$g1$i2008000001971$lle008$o-$pE0.00$q-$rn$so $t0$u0$v0$w0$x0$y.i10439390$z27-06-02 945 $aLE002 SB 809.9 ALV 945 $aLE002 Enc. Lett. 21$g1$i2002000421593$lle002$o-$pE0.00$q-$rn$so $t0$u0$v0$w0$x0$y.i10439407$z27-06-02 996 $aDizionario del ciclo di re Artł$9203195 997 $aUNISALENTO 998 $ale008$ale002$b01-01-99$cm$da $e-$fita$git $h0$i2 LEADER 02171nam 2200625Ia 450 001 9910783599903321 005 20230617021638.0 010 $a1-282-15658-6 010 $a9786612156588 010 $a90-272-9429-1 035 $a(CKB)1000000000033123 035 $a(OCoLC)84684036 035 $a(CaPaEBR)ebrary10087045 035 $a(SSID)ssj0000228994 035 $a(PQKBManifestationID)11199453 035 $a(PQKBTitleCode)TC0000228994 035 $a(PQKBWorkID)10155804 035 $a(PQKB)10620278 035 $a(MiAaPQ)EBC623011 035 $a(Au-PeEL)EBL623011 035 $a(CaPaEBR)ebr10087045 035 $a(EXLCZ)991000000000033123 100 $a20050602d2005 uy 0 101 0 $aeng 135 $aurcn||||||||| 181 $ctxt 182 $cc 183 $acr 200 10$aProgressives, patterns, pedagogy$b[electronic resource] $ea corpus-driven approach to English progressive forms, functions, contexts, and didactics /$fUte R?omer 210 $aAmsterdam ;$aPhiladelphia $cJ. Benjamins Pub. Co.$dc2005 215 $a1 online resource (342 p.) 225 1 $aStudies in corpus linguistics,$x1388-0373 ;$vv. 18 300 $aBibliographic Level Mode of Issuance: Monograph 311 $a90-272-2289-4 320 $aIncludes bibliographical references and index. 410 0$aStudies in corpus linguistics ;$vv. 18. 606 $aEnglish language$xTense 606 $aEnglish language$xVerb phrase 606 $aEnglish language$xDiscourse analysis 606 $aEnglish language$zGreat Britain$xDiscourse analysis 606 $aEnglish language$xStudy and teaching$xGerman speakers 615 0$aEnglish language$xTense. 615 0$aEnglish language$xVerb phrase. 615 0$aEnglish language$xDiscourse analysis. 615 0$aEnglish language$xDiscourse analysis. 615 0$aEnglish language$xStudy and teaching$xGerman speakers. 676 $a425/.62 700 $aRo?mer$b Ute$01534068 801 0$bMiAaPQ 801 1$bMiAaPQ 801 2$bMiAaPQ 906 $aBOOK 912 $a9910783599903321 996 $aProgressives, patterns, pedagogy$93781309 997 $aUNINA